Plan estratégico de inversión para reparación de taludes después de sismo

Salvato in:
Dettagli Bibliografici
Autore principale: González González, Galia Cristina
Natura: Libro
Lingua:Spanish
Pubblicazione: [San José], Costa Rica 2012
Soggetti:
Tags: Aggiungi Tag
Nessun Tag, puoi essere il primo ad aggiungerne!!

MARC

LEADER 00000nam a22000007a 4500
003 010689
005 20221231143931.0
008 151105b2012 cr a|||| |||| 00| 0 spa d
040 |c cru CEDI  
090 |a TFG 6517 
100 |9 2139  |a González González, Galia Cristina  
245 |a  Plan estratégico de inversión para reparación de taludes después de sismo  
260 |a [San José], Costa Rica   |c 2012 
500 |a Proyecto de graduación (licenciatura en ingeniería civil)--Universidad de Costa Rica. Facultad de Ingeniería. Escuela de Ingeniería Civil 
650 |x DESPRENDIMIENTOS DE TIERRAS   |x ESTABILIZACION DE SUELOS  |x ESTABILIZACION DE SUELOS  |x CARRETERAS  |x TRANSPORTE - MANTENIMIENTO Y REPARACION   |x PLANIFICACION  |x ASPECTOS ECONOMICOS   |x COSTA RICA   |x VULNERABILIDAD SISMICA   |9 2140 
942 |c TFG 
999 |c 14433  |d 14433